Joueurs de Foot en fonction de leur parcours en club - Real Madrid - Statistiques

Statistiques générales
  • Ce quiz a été pris 114 fois
  • Le résultat moyen est 6 sur 10
Statistiques - réponses
Joueur N° Clubs (du + ancien au + récent) Réponse % Correct
2 Manchester United - Real Madrid - Galaxy de Los Angeles - PSG David Beckham
86%
9 AS Cannes - Girondins de Bordeaux - Juventus FC - Real Madrid Zinédine Zidane
85%
3 Southampton FC - Tottenham Hotspur - Real Madrid - Los Angeles FC Gareth Bale
80%
5 River Plate - Real Madrid - SSC Naples - Juventus FC - Inter Miami Gonzalo Higuain
64%
7 Schalke 04 - Werder Brême - Real Madrid - Arsenal FC - Fenerbahçe SK - İstanbul Başakşehir Mesut Ozil
64%
10 Real Madrid - Schalke 04 - Al-Sadd SC - New York Cosmos Raul
60%
6 VfB Stuttgart - Real Madrid - Juventus FC - Hertha BSC Sami Khedira
49%
1 Ajax Amsterdam - UC Sampdoria - Real Madrid - Inter Milan - AC Milan - Botafogo Clarence Seedorf
44%
4 FC Metz - AS Monaco - Arsenal FC - Manchester City - Real Madrid - Tottenham Hotspur - Crystal Palace - Istanbul Başakşehir - Kayserispor - Club Olimpia Emmanuel Adebayor
36%
5 FC Port - Chelsea FC - Real Madrid - AS Monaco - Shanghai SIPG Ricardo Carvalho
36%
Aucun quiz correspondant
Distribution des résultats
% des personnes avec chaque résultat
Percentile par nombre de réponses
Votre historique - résultats
Vous n’avez pas pris ce quiz